| 000 | 00549nam a2200181 i 4500 | ||
|---|---|---|---|
| 001 | 24214 | ||
| 003 | ES-MaACL | ||
| 005 | 20230906153017.0 | ||
| 007 | t| | ||
| 008 | 021216s1975 sp ||||1| spa d | ||
| 100 | 1 |
_aAmorós, José Luis. _921315 |
|
| 245 | 1 | 3 |
_aEl cristal _b: una introducción al estado sólido / _cJosé Luis Amorós. |
| 250 | _a2ª ed. rev. y ampl. | ||
| 260 |
_aBarcelona : _bUrania, _c[1975] |
||
| 300 |
_aXIX, 423 p., 1 lám. : _bil. ; _c24 cm. |
||
| 650 | 0 | 4 |
_aCristalografía. _911424 |
| 852 |
_aES-MaACL _jE-9371 _bR.94601 |
||
| 999 |
_c24214 _d24214 |
||